<?xml version="1.0" encoding="UTF-8"?>
<record
    xmlns:xsi="http://www.w3.org/2001/XMLSchema-instance"
    xsi:schemaLocation="http://www.loc.gov/MARC21/slim http://www.loc.gov/standards/marcxml/schema/MARC21slim.xsd"
    xmlns="http://www.loc.gov/MARC21/slim">

  <leader>00479nam a2200157Ia 4500</leader>
  <controlfield tag="005">20241004091932.0</controlfield>
  <controlfield tag="008">240126s9999    xx            000 0 und d</controlfield>
  <datafield tag="020" ind1=" " ind2=" ">
    <subfield code="a">9783319343310</subfield>
  </datafield>
  <datafield tag="082" ind1=" " ind2=" ">
    <subfield code="a">006.6  SZE;1  R</subfield>
  </datafield>
  <datafield tag="100" ind1=" " ind2=" ">
    <subfield code="a">Sze, Vivienne. Budagavi, Madhukar. Sullivan, Gary J.</subfield>
  </datafield>
  <datafield tag="245" ind1=" " ind2="0">
    <subfield code="a">High efficiency video coding (HEVC): algorithms and architectures</subfield>
  </datafield>
  <datafield tag="260" ind1=" " ind2=" ">
    <subfield code="b">Spinger</subfield>
    <subfield code="a">Switzerland</subfield>
  </datafield>
  <datafield tag="300" ind1=" " ind2=" ">
    <subfield code="a">x, 375</subfield>
  </datafield>
  <datafield tag="440" ind1=" " ind2=" ">
    <subfield code="a">Integrated circuits and systems</subfield>
  </datafield>
  <datafield tag="942" ind1=" " ind2=" ">
    <subfield code="c">PU</subfield>
  </datafield>
  <datafield tag="999" ind1=" " ind2=" ">
    <subfield code="c">289724</subfield>
    <subfield code="d">289724</subfield>
  </datafield>
  <datafield tag="952" ind1=" " ind2=" ">
    <subfield code="r">2024-01-26 00:00:00</subfield>
    <subfield code="l">0</subfield>
    <subfield code="o">006.6  SZE;1  R</subfield>
    <subfield code="p">PU11223</subfield>
    <subfield code="h">(06/07/1905)</subfield>
    <subfield code="v">5943.32</subfield>
    <subfield code="w">2024-01-26</subfield>
    <subfield code="y">PU</subfield>
    <subfield code="1">0</subfield>
    <subfield code="4">0</subfield>
    <subfield code="7">0</subfield>
    <subfield code="8">CL</subfield>
    <subfield code="0">0</subfield>
    <subfield code="K">91788</subfield>
    <subfield code="a">ML</subfield>
    <subfield code="b">ML</subfield>
    <subfield code="c">CL</subfield>
    <subfield code="d">2020-01-23</subfield>
    <subfield code="e">Book Paradise</subfield>
    <subfield code="g">102.79</subfield>
    <subfield code="E">EC</subfield>
    <subfield code="G">EURO</subfield>
    <subfield code="F">82.6</subfield>
    <subfield code="V">30</subfield>
    <subfield code="U">Percentage</subfield>
  </datafield>
  <datafield tag="952" ind1=" " ind2=" ">
    <subfield code="r">2024-01-26 00:00:00</subfield>
    <subfield code="l">0</subfield>
    <subfield code="o">006.6  SZE;2  R1</subfield>
    <subfield code="p">PU11224</subfield>
    <subfield code="h">(06/07/1905)</subfield>
    <subfield code="v">5943.32</subfield>
    <subfield code="w">2024-01-26</subfield>
    <subfield code="y">PU</subfield>
    <subfield code="1">0</subfield>
    <subfield code="4">0</subfield>
    <subfield code="7">0</subfield>
    <subfield code="8">CL</subfield>
    <subfield code="0">0</subfield>
    <subfield code="K">91788</subfield>
    <subfield code="a">ML</subfield>
    <subfield code="b">ML</subfield>
    <subfield code="c">CL</subfield>
    <subfield code="d">2020-01-23</subfield>
    <subfield code="e">Book Paradise</subfield>
    <subfield code="g">102.79</subfield>
    <subfield code="E">EC</subfield>
    <subfield code="G">EURO</subfield>
    <subfield code="F">82.6</subfield>
    <subfield code="V">30</subfield>
    <subfield code="U">Percentage</subfield>
  </datafield>
</record>
